Catálogo
 En Linea

Historia general y natural de las índias / (Registro nro. 33705)

Detalles MARC
000 -CABECERA
campo de control de longitud fija 00727nam a2200181 a 4500
001 - NÚMERO DE CONTROL
campo de control 000034214
005 - FECHA Y HORA DE LA ÚLTIMA TRANSACCIÓN
campo de control 20200930070855.0
008 - DATOS DE LONGITUD FIJA--INFORMACIÓN GENERAL
campo de control de longitud fija 110902s19591855dr 000 0 spa d
040 ## - FUENTE DE LA CATALOGACIÓN
Centro catalogador/agencia de origen DO-SdBNP
Lengua de catalogación spa
Centro/agencia transcriptor BNPHU
082 ## - NÚMERO DE LA CLASIFICACIÓN DECIMAL DEWEY
Número de clasificación xxxx
Número de documento/Ítem F363h
049 ## - FONDOS LOCALES (OCLC)
Fondos de biblioteca BNPD
100 1# - ENTRADA PRINCIPAL--NOMBRE DE PERSONA
Nombre de persona Fernández de Oviedo y Valdés , Gonzalo
Títulos y otros términos asociados al nombre 1478-1557
9 (RLIN) 32221
245 10 - MENCIÓN DE TÍTULO
Título Historia general y natural de las índias /
Mención de responsabilidad, etc. Gonzalo Fernández de Oviedo y Valdés ; edición y estudio preliminar de Juan Pérez de Tudela Bueso.
260 ## - PUBLICACIÓN, DISTRIBUCIÓN, ETC.
Lugar de publicación, distribución, etc. Madrid :
Nombre del editor, distribuidor, etc. Atlas,
Fecha de publicación, distribución, etc. 1959.
300 ## - DESCRIPCIÓN FÍSICA
Extensión 4 v. ;
Dimensiones 32 cm.
490 1# - MENCIÓN DE SERIE
Mención de serie Biblioteca de autores españoles; desde la formación del lenguaje hasta nuestros días (continuación)
700 12 - PUNTO DE ACCESO ADICIONAL--NOMBRE DE PERSONA
Nombre de persona Tudela Bueso, Juan Pérez de
9 (RLIN) 59635
Existencias
Estado de retiro Estado de pérdida No para préstamo Código de colección Localización permanente Ubicación/localización actual Ubicación en estantería Fecha de adquisición Número de inventario Total de préstamos Signatura topográfica completa Código de barras Fecha visto por última vez Precio válido a partir de Tipo de ítem Koha Nota pública Número de copia
    Excluido de préstamo Patrimonio Dominicano General General En catalogación 28.09.2011 LF1   v. 1 34214-10 25.06.2020 25.06.2020 Libro y Folleto Colección Patrimonio Dominicano Perteneció a la biblioteca personal de Viviani Luna  
    Excluido de préstamo Patrimonio Dominicano General General En catalogación 28.09.2011 LF1   xxxx F363h 34214-20 25.06.2020 25.06.2020 Libro y Folleto Colección Patrimonio Dominicano Perteneció a la biblioteca personal de Viviani Luna e. 2
    Excluido de préstamo Dominicana de Servicio General General En catalogación 28.09.2011 LF1   xxxx F363h 34214-30 25.06.2020 25.06.2020 Libro y Folleto Colección Dominicana de Servicio Perteneció a la biblioteca personal de Viviani Luna e. 3
    Excluido de préstamo Dominicana de Servicio General General En catalogación 28.09.2011 LF1   xxxx F363h 34214-40 25.06.2020 25.06.2020 Libro y Folleto Colección Dominicana de Servicio Perteneció a la biblioteca personal de Viviani Luna e. 4

Con tecnología Koha